000
00308nam a22001097a 4500
100
_a
طارق مجید
245
_a
جھاد جی تیاری
260
_a
اسلام آباد
_b
اسلامی یونیورسٹی
_c
۱۹۹۷
300
_a
۵۲
500
_a
Donated by Regional Dawah center , Karachi
942
_c
BK
999
_c
11606
_d
11606